Nearest 500k cities to Luxembourg - Statistics

General Stats
  • This quiz has been taken 56 times
  • The average score is 26 of 30
Answer Stats
Country Driving distance City % Correct
๐Ÿ‡ฉ๐Ÿ‡ช 7h 30min Berlin
100%
๐Ÿ‡ซ๐Ÿ‡ท 3h 42min Paris
100%
๐Ÿ‡ณ๐Ÿ‡ฑ 4h 07min Amsterdam
98%
๐Ÿ‡ง๐Ÿ‡ช 2h 14min Brussels
98%
๐Ÿ‡ฉ๐Ÿ‡ช 2h 30min Cologne
98%
๐Ÿ‡ฌ๐Ÿ‡ง 6h 52min London
98%
๐Ÿ‡ฎ๐Ÿ‡น 7h 21min Milan
98%
๐Ÿ‡ฆ๐Ÿ‡น 8h 42min Vienna
96%
๐Ÿ‡ณ๐Ÿ‡ฑ 3h 32min Rotterdam
94%
๐Ÿ‡ง๐Ÿ‡ช 2h 37min Antwerp
92%
๐Ÿ‡ฉ๐Ÿ‡ช 6h 18min Hamburg
92%
๐Ÿ‡ฉ๐Ÿ‡ช 5h 35min Munich
92%
๐Ÿ‡ฉ๐Ÿ‡ช 3h 31min Stuttgart
92%
๐Ÿ‡ฉ๐Ÿ‡ช 2h 44min Frankfurt
90%
๐Ÿ‡ซ๐Ÿ‡ท 4h 56min Lyon
90%
๐Ÿ‡จ๐Ÿ‡ฟ 6h 47min Prague
88%
๐Ÿ‡ฉ๐Ÿ‡ช 2h 45min Dรผsseldorf
86%
๐Ÿ‡ณ๐Ÿ‡ฑ 3h 49min The Hague
86%
๐Ÿ‡ฎ๐Ÿ‡น 7h 57min Turin
86%
๐Ÿ‡ฌ๐Ÿ‡ง 8h 20min Birmingham
84%
๐Ÿ‡ฉ๐Ÿ‡ช 6h 40min Dresden
84%
๐Ÿ‡ซ๐Ÿ‡ท 7h 40min Marseille
84%
๐Ÿ‡ฉ๐Ÿ‡ช 5h 59min Leipzig
80%
๐Ÿ‡ฉ๐Ÿ‡ช 5h 16min Bremen
78%
๐Ÿ‡ฉ๐Ÿ‡ช 4h 24min Nuremberg
78%
๐Ÿ‡ฎ๐Ÿ‡น 8h 35min Genoa
76%
๐Ÿ‡ฉ๐Ÿ‡ช 5h 00min Hanover
76%
๐Ÿ‡ฉ๐Ÿ‡ช 3h 21min Dortmund
75%
๐Ÿ‡ฉ๐Ÿ‡ช 3h 08min Essen
73%
๐Ÿ‡ฌ๐Ÿ‡ง 8h 10min Bristol
57%
No matching quizzes found
Score Distribution
Percent of People with Each Score
Percentile by Number Answered
Your Score History
You have not taken this quiz